00985cam a2200277 a 4500001000400000003001000004005001700014008004100031020001500072040002500087080001600112090002400128245007600152250003300228260003400261300002000295490006100315504002500376650002600401650003800427700002900465830006100494942001200555952012700567999001300694287BR-CuiBMT20231109233304.0230926s2015 bab 000 0 por d a8544203337 aBR-CuiBMTcBR-CuiBMT 22007a343.2 a343.2bD598c2. ed.00aDireito penal :bem provas discursivas /cFábio Caliari ... [et al.]. a2. ed., rev., ampl. e atual. aSalvador :bJusPODIVM,c2015. a487 p. ;c24 cm1 aColeção provas discursivas, respondidas e comentadas aInclui bibliografia. aDireito PenalzBrasil aDireito penalxProvas discursivas1 aCaliari, Fábio4et al. 0aColeção provas discursivas, respondidas e comentadas 2udccLV 00102udc4070aBIBTCEMTbBIBTCEMTd2023-11-08l0o343.2 D598 2. ed.pBIBTCEMT23110301r2023-11-08tEx. 1w2023-11-08yLV c287d287